1.FC Köln Squad 2025-2026 - Statistics

General Stats
  • This quiz has been taken 153 times
    35 since last reset
  • The average score is 19 of 33
Answer Stats
# Position Nation Player % Correct
13 FW Germany Said El Mala
96%
19 FW Germany Malek El Mala
93%
11 MF Austria Florian Kainz
82%
16 FW Poland Jakub Kamiński
82%
1 GK Germany Marvin Schwäbe
82%
9 FW Germany Ragnar Ache
71%
20 GK Germany Ron-Robert Zieler
68%
18 MF Iceland Ísak Jóhannesson
64%
30 FW Germany Marius Bülter
64%
4 DF Germany Timo Hübers
64%
6 MF Germany Eric Martel
61%
32 DF United States Kristoffer Lund
61%
37 FW Germany Linton Maina
61%
- Coach Germany Lukas Kwasniok
61%
28 DF Norway Sebastian Sebulonsen
61%
39 DF Turkey Cenk Özkacar
57%
3 DF Germany Dominique Heintz
57%
22 DF England Jahmai Simpson-Pusey
57%
2 DF Switzerland Joël Schmied
57%
15 DF Germany Luca Kilian
57%
44 GK Germany Matthias Köbbing
57%
29 FW Germany Jan Thielmann
54%
33 DF Netherlands Rav van den Berg
54%
8 MF Bosnia and Herzegovina Denis Huseinbašić
50%
7 FW Germany Luca Waldschmidt
50%
5 MF Germany Tom Krauß
50%
17 MF Belgium Alessio Castro-Montes
46%
27 MF Peru Felipe Chávez
46%
25 DF Bosnia and Herzegovina Jusuf Gazibegović
39%
40 FW Germany Fynn Schenten
32%
46 MF Bosnia and Herzegovina Emin Kujović
18%
49 DF Germany Neo Telle
18%
34 MF Germany Fayssal Harchaoui
11%
No matching quizzes found
Score Distribution
Percent of People with Each Score
Percentile by Number Answered
Your Score History
You have not taken this quiz since the last reset